| 000 | 00329nam a22001337a 4500 | ||
|---|---|---|---|
| 999 |
_c15511 _d15511 |
||
| 003 | OSt | ||
| 008 | 180823b ||||| |||| 00| 0 eng d | ||
| 082 |
_a690 _bMOO/TE |
||
| 100 |
_aMoorthy, N.K.R _93280 |
||
| 245 | _aTextbook of building construction | ||
| 260 |
_aPoona _bEngineering book publishing |
||
| 300 | _a622 | ||
| 942 | _cBK | ||